Nascar 2022-2023 Race Winners - Statistics

General Stats
  • This quiz has been taken 70 times
  • The average score is 35 of 41
Answer Stats
Race Winner % Correct
Busch Light Clash at the Coliseum Joey Logano
96%
Darlington Raceway - Goodyear 400 Joey Logano
96%
World Wide Technology Raceway - Enjoy Illinois 300 presented by TicketSmarter Joey Logano
96%
Las Vegas Motor Speedway - South Point 400 Joey Logano
96%
Phoenix Raceway - NASCAR Cup Series Championship Joey Logano
96%
Richmond Raceway - Toyota Owners 400 Denny Hamlin
94%
Charlotte Motor Speedway - Coca-Cola 600 Denny Hamlin
94%
Auto Club Speedway - Wise Power 400 Kyle Larson
94%
Watkins Glen International - Go Bowling at the Glen Kyle Larson
94%
Homestead-Miami Speedway - Dixie Vodka 400 Kyle Larson
94%
Atlanta Motor Speedway - Folds of Honor QuikTrip 500 William Byron
92%
Martinsville Speedway - Blue-Emu Maximum Pain Relief 400 William Byron
92%
Dover Motor Speedway - DuraMAX Drydene 400 presented by RelaDyne Chase Elliott
90%
Nashville Superspeedway - Ally 400 Chase Elliott
90%
Atlanta Motor Speedway - Quaker State 400 Presented By Walmart Chase Elliott
90%
Pocono Raceway - M&M's Fan Appreciation 400 Chase Elliott
90%
Talladega Superspeedway - Yellawood 500 Chase Elliott
90%
New Hampshire Motor Speedway - Ambetter 301 Christopher Bell
90%
Charlotte Motor Speedway Road Course - Bank of America ROVAL 400 Christopher Bell
90%
Martinsville Speedway - Xfinity 500 Christopher Bell
90%
Bristol Motor Speedway Dirt - Food City Dirt Race Kyle Busch
88%
Kansas Speedway - Advent Health 400 Kurt Busch
87%
Texas Motor Speedway - NASCAR All-Star Race Ryan Blaney
87%
Road America - Kwik Trip 250 presented by JOCKEY Made in America Tyler Reddick
87%
Indianapolis Motor Speedway Road Course - Verizon 200 at the Brickyard Tyler Reddick
87%
Texas Motor Speedway - Auto Trader EchoPark Automotive 500 Tyler Reddick
87%
Bluegreen Vacations Duel 2 at Daytona Chris Buescher
83%
Bristol Motor Speedway - Bass Pro Shops Night Race Chris Buescher
83%
Michigan International Speedway - FireKeepers Casino 400 Kevin Harvick
83%
Richmond Raceway - Federated Auto Parts 400 Kevin Harvick
83%
Circuit of the Americas - EchoPark Automotive Grand Prix Ross Chastain
83%
Talladega Superspeedway - Geico 500 Ross Chastain
83%
Las Vegas Motor Speedway - Pennzoil 400 Alex Bowman
81%
Daytona 500 Austin Cindric
79%
Kansas Speedway - Hollywood Casino 400 Bubba Wallace
79%
Texas Motor Speedway - NASCAR All-Star Open Daniel Suarez
77%
Sonoma Raceway - Toyota / Save Mart 350 Daniel Suarez
77%
Phoenix Raceway - Ruff Mortgage 500 Chase Briscoe
75%
Daytona International Speedway - Coke Zero Sugar 400 Austin Dillon
73%
Darlington Raceway - Cook Out Southern 500 Erik Jones
73%
Bluegreen Vacations Duel 1 at Daytona Brad Keslowski
33%
No matching quizzes found
Score Distribution
Percent of People with Each Score
Percentile by Number Answered
Your Score History
You have not taken this quiz